Mahārāshṭra maḡẽ kã? (Record no. 67450)
[ view plain ]
| 000 -LEADER | |
|---|---|
| fixed length control field | 00839cam a22002531 4500 |
| 001 - CONTROL NUMBER | |
| control field | sa 66000851 |
| 003 - CONTROL NUMBER IDENTIFIER | |
| control field | DLC |
| 005 - DATE AND TIME OF LATEST TRANSACTION | |
| control field | 20260227112217.0 |
| 008 - FIXED-LENGTH DATA ELEMENTS--GENERAL INFORMATION | |
| fixed length control field | 890523s1965 ii 000 0 maro |
| 010 ## - LIBRARY OF CONGRESS CONTROL NUMBER | |
| LC control number | sa 66000851 |
| 035 ## - SYSTEM CONTROL NUMBER | |
| System control number | (OCoLC)19754943 |
| 040 ## - CATALOGING SOURCE | |
| Original cataloging agency | DLC |
| Transcribing agency | WaU |
| Modifying agency | NRU |
| -- | DLC |
| 042 ## - AUTHENTICATION CODE | |
| Authentication code | premarc |
| 043 ## - GEOGRAPHIC AREA CODE | |
| Geographic area code | a-ii--- |
| 050 00 - LIBRARY OF CONGRESS CALL NUMBER | |
| Classification number | HC437.M32 |
| Item number | R3 |
| 100 1# - MAIN ENTRY--PERSONAL NAME | |
| Personal name | Ranadey, Sadashiv Annaji, |
| Dates associated with a name | 1909- |
| 245 10 - TITLE STATEMENT | |
| Title | Mahārāshṭra maḡẽ kã? |
| Statement of responsibility, etc. | Lekhaka Sa. A. Rānaḍe. |
| 260 ## - PUBLICATION, DISTRIBUTION, ETC. | |
| Place of publication, distribution, etc. | Mumbaī; |
| Name of publisher, distributor, etc. | kevala ejanṭa: Pra. Pa. Karṇika |
| Date of publication, distribution, etc. | [1965] |
| 300 ## - PHYSICAL DESCRIPTION | |
| Extent | 148 p. (p. 146-148 advertisements) |
| Dimensions | 19 cm. |
| 500 ## - GENERAL NOTE | |
| General note | At head of title: Jīvana-laḍha, nāhĩtara raḍa! |
| 500 ## - GENERAL NOTE | |
| General note | "sa. 2001 paryanta pratyekānẽ abhyāsāvẽ asẽ pustaka." |
| 500 ## - GENERAL NOTE | |
| General note | In Marathi. |
| 651 #0 - SUBJECT ADDED ENTRY--GEOGRAPHIC NAME | |
| Geographic name | Maharashtra (India) |
| General subdivision | Economic conditions. |
No items available.